ARRUPE JESUIT UNIVERSITY

CORONAVIRUS -STOP THE SPREAD - CLEAN,DISINFECT,COVER
Normal view MARC view

Entry Personal Name

Number of records used in: 1

001 - CONTROL NUMBER

  • control field: 35876

003 - CONTROL NUMBER IDENTIFIER

  • control field: ARRUPE

005 - DATE AND TIME OF LATEST TRANSACTION

  • control field: 20170920113849.0

008 - FIXED-LENGTH DATA ELEMENTS

  • fixed length control field: 170920|| aca||aabn | a|a d

040 ## - CATALOGING SOURCE

  • Original cataloging agency: ARRUPE
  • Transcribing agency: ARRUPE

100 ## - HEADING--PERSONAL NAME

  • Personal name: Wallis, J. P. R.
  • Fuller form of name: (John Peter Richard),
  • Dates associated with a name: 1880-1957.

670 ## - SOURCE DATA FOUND

  • Source citation: Work cat.: (ARRUPE)25378: Wallis, J. P. R. (John Peter Richard), 1880-1957., Thomas Baines of King's Lynn, explorer and artist, 1820-1875 /, 1982.

 

Arrupe Library. PO Box MP320 Mt Pleasant, Harare, Zimbabwe
263 242 745411|librarian@aju.ac.zw